Lanean...
Post-Colonial Studies Reader
| Egile nagusia: | |
|---|---|
| Formatua: | Printed Book |
| Hizkuntza: | English |
| Argitaratua: |
Routledge, London
Routledge, London
1995
|
| LEADER | 00504nam a2200133Ia 4500 | ||
|---|---|---|---|
| 008 | 111205s9999 xx 000 0 eng d | ||
| 082 | |a 851 M MAT/M | ||
| 100 | |a Ashcroft,Bill | ||
| 245 | |a Post-Colonial Studies Reader |c Ashcroft,Bill | ||
| 260 | |b Routledge, London |a Routledge, London |c 1995 | ||
| 300 | |a 526 | ||
| 942 | |c BK | ||
| 999 | |c 220079 |d 220079 | ||
| 952 | |0 0 |1 0 |2 ddc |4 0 |6 E_820_900000000000000_POS |7 0 |9 243079 |a MAL |b MAL |c ST1 |d 1973-12-18 |g 1178.00 |l 1 |o E 820.9 POS |p MAL26020 |r 2016-03-16 |s 2016-03-15 |v 1178.00 |w 2015-04-13 |y BK | ||